Hungarian Cup winners (football) - Statistics

General Stats
  • This quiz has been taken 60 times
    38 since last reset
  • The average score is 12 of 19
Answer Stats
Winners Answer % Correct
24 Ferencváros
100%
12 MTK Budapest
100%
11 Újpest
94%
8 Budapest Honvéd
88%
6 Debrecen
88%
4 Győr
88%
2 Fehérvár
82%
4 Vasas
82%
1 Zalaegerszeg
79%
1 Kecskemét
67%
2 Diósgyőr
64%
1 Pécs
52%
1 Békéscsaba
48%
1 Sopron
48%
1 Siófok
30%
1 Szolnok
24%
1 Soroksár
18%
1 III. Kerület
15%
1 Bocskai
6%
No matching quizzes found
Score Distribution
Percent of People with Each Score
Percentile by Number Answered
Your Score History
You have not taken this quiz since the last reset